Stabilná bitúmenová kompozícia a spôsob jej prípravy. C 08L 95/00

Bibliographic Details
Main Author: Liang, Zhi-zhong (Author)
Format: Book
Language:Undetermined
PhysicalDescription:9 s.
Published: Banská Bystrica Úrad priemyselného vlastníctva SR 2001

MARC

LEADER 00000nam a2200000 a 4500
001 vtls001422841
003 SK-MaSNL
005 20260301072350.0
008 240318sm y0 xo 0 und
035 |a SNK000377710 
040 |a SNK  |b slo  |c SNK  |e AACR2 
044 |a xo  |c SK 
100 1 |a Liang, Zhi-zhong  |4 aut  |9 391149 
245 1 0 |a Stabilná bitúmenová kompozícia a spôsob jej prípravy. C 08L 95/00 
260 |a Banská Bystrica  |b Úrad priemyselného vlastníctva SR  |c 2001 
300 |c 9 s. 
999 |c 640813  |d 642743 
952 |t P60, <04>, [BOOK], {604}  |a SNK  |b SNK  |y VYP  |7 0  |p 17A0318535  |o snkSK 281445  |i snkPS 761/2001  |0 0  |1 0  |4 0  |d 2001-10-23  |l 0  |r 2005-01-02 00:00:00  |w 2026-02-23